000 00532nam a22001937a 4500
003 OSt
005 20140310182805.0
008 130214t xxu||||| |||| 00| 0 eng d
020 _a9789812597281
050 _aRM 301.12
_b.Sk56 2007
100 _aSkidmore-Roth, Linda
245 _aMosby's drug guide for nurses /
_cLinda Skidmore-Roth.
260 _aSt. Louis, Mo. :
_bMosby Elsevier,
_c2007.
300 _axvi, 1216 p. :
_bill.;
_c22 cm.
521 _aNUR
650 _aNursing
942 _2lcc
_cBK
_kFOR
999 _c16068
_d16068